<?xml version="1.0" encoding="UTF-8"?>
<marc:record xmlns:marc="http://www.loc.gov/MARC21/slim">
   <marc:leader>00000nam a2200000 a 4500</marc:leader>
   <marc:datafield ind1="1" ind2=" " tag="100">
      <marc:subfield code="a">Angelini, Josephine</marc:subfield>
      <marc:subfield code="4">aut</marc:subfield>
      <marc:subfield code="e">Verfasser/-in</marc:subfield>
   </marc:datafield>
   <marc:datafield ind1="0" ind2="0" tag="245">
      <marc:subfield code="a">Tränenpfad</marc:subfield>
   </marc:datafield>
   <marc:datafield ind1="0" ind2="0" tag="245">
      <marc:subfield code="c">Josephine Angelini ; aus dem Amerikanischen von Simone Wiemken</marc:subfield>
   </marc:datafield>
   <marc:datafield ind1=" " ind2="1" tag="264">
      <marc:subfield code="a">Hamburg</marc:subfield>
      <marc:subfield code="b">Oetinger Taschenbuch</marc:subfield>
      <marc:subfield code="c">2017</marc:subfield>
   </marc:datafield>
   <marc:datafield ind1="1" ind2=" " tag="490">
      <marc:subfield code="a">Der ... Band der Everflame-Trilogie</marc:subfield>
      <marc:subfield code="v">2</marc:subfield>
   </marc:datafield>
   <marc:datafield ind1=" " ind2=" " tag="250">
      <marc:subfield code="a">1. Auflage</marc:subfield>
   </marc:datafield>
   <marc:datafield ind1="1" ind2=" " tag="520">
      <marc:subfield code="a">Angaben aus der Verlagsmeldung

Everflame - Tränenpfad : Band 2 / von Josephine Angelini

Gefangen zwischen zwei Welten: Kann Liebe Verrat überwinden? Mit letzter Kraft rettet sich Lily zurück in die wirkliche Welt. An ihrer Seite ist Rowan, dem nicht nur das reale Salem immer besser gefällt. Doch die mächtige Lilian zwingt Lily zur Rückkehr, dorthin, wo die Zerstörung immer größer wird und schließlich sogar Rowan und Lily entzweit. Kann Lily sich für die richtige Seite entscheiden? Und sind die geheimnisvollen Wirker tatsächlich die Wurzel allen Übels?
Die Fortsetzung der Trilogie von Spiegel-Bestsellerautorin Angelini!
</marc:subfield>
   </marc:datafield>
   <marc:datafield ind1=" " ind2=" " tag="020">
      <marc:subfield code="a">9783841504210</marc:subfield>
      <marc:subfield code="9">9783841504210</marc:subfield>
   </marc:datafield>
   <marc:datafield ind1=" " ind2=" " tag="020">
      <marc:subfield code="a">3841504213</marc:subfield>
      <marc:subfield code="9">3841504213</marc:subfield>
   </marc:datafield>
   <marc:datafield ind1=" " ind2=" " tag="041">
      <marc:subfield code="a">ger</marc:subfield>
   </marc:datafield>
   <marc:datafield ind1=" " ind2=" " tag="300">
      <marc:subfield code="a">447 Seiten</marc:subfield>
   </marc:datafield>
</marc:record>
